Laufey Lyrics - A Cautionary Tale - Statistics

General Stats
  • This quiz has been taken 14 times
  • The average score is 209 of 257
Answer Stats
Lyrics % Correct
A
100%
a
100%
The
100%
the
100%
all
86%
alone
86%
and
86%
And
86%
be
86%
better
86%
boy
86%
came
86%
can’t
86%
cautionary
86%
child
86%
coils
86%
draining
86%
for
86%
gave
86%
God,
86%
granted
86%
guiltless
86%
handed,
86%
hear
86%
heart
86%
heavens,
86%
he’s
86%
his
86%
home,
86%
hourglass
86%
how
86%
I
86%
in
86%
inside
86%
it
86%
jealousy
86%
just
86%
lifetime
86%
lover
86%
made
86%
mask
86%
me
86%
mother
86%
much,
86%
my
86%
My
86%
myself
86%
never
86%
no
86%
Of
86%
of
86%
off
86%
Oh,
86%
performance
86%
personality
86%
saw
86%
sense
86%
smile
86%
story
86%
tale
86%
tales
86%
there’s
86%
this
86%
time
86%
to
86%
too
86%
Took
86%
took
86%
tried,
86%
up
86%
villain,
86%
villain
86%
who
86%
Who
86%
you
86%
you,
86%
your
86%
always
71%
been
71%
believes
71%
dignity
71%
fail
71%
first
71%
fix
71%
had
71%
happen
71%
insecurities
71%
I’ve
71%
lost
71%
lovers,
71%
on
71%
please
71%
shattered
71%
sight
71%
smart,
71%
wanted
71%
agony
57%
chameleon
57%
cheat
57%
codes
57%
Continue
57%
fails,
57%
Found
57%
knees
57%
knock
57%
loved,
57%
more
57%
One
57%
pay
57%
soul
57%
struggled
57%
through
57%
toll
57%
truths
57%
uncover
57%
will
57%
winter
57%
born
43%
Destined
43%
giver
43%
Was
43%
No matching quizzes found
Score Distribution
Percent of People with Each Score
Percentile by Number Answered
Your Score History
You have not taken this quiz